<?xml version="1.0" encoding="UTF-8"?>
<collection xmlns="http://www.loc.gov/MARC21/slim">
 <record>
  <leader>00880nam a2200193 a 4500</leader>
  <controlfield tag="001">1/46863</controlfield>
  <controlfield tag="008">161221s2014    gr a          000 0 gre c</controlfield>
  <datafield tag="035" ind1=" " ind2=" ">
   <subfield code="l">49842</subfield>
  </datafield>
  <datafield tag="040" ind1=" " ind2=" ">
   <subfield code="a">GR-PeUP</subfield>
  </datafield>
  <datafield tag="082" ind1="0" ind2="0">
   <subfield code="a">889.3 ΚΑΡ</subfield>
  </datafield>
  <datafield tag="100" ind1="1" ind2=" ">
   <subfield code="a">Καραγάτσης, Μ.,</subfield>
   <subfield code="d">1908-1960.</subfield>
  </datafield>
  <datafield tag="245" ind1="1" ind2="3">
   <subfield code="a">Το Χαμένο Νησί :</subfield>
   <subfield code="b">φανταστική νουβέλα/</subfield>
   <subfield code="c">Μ. Καραγάτση, Ξυλογραφίες Γ. Βελισσαρίδη.</subfield>
  </datafield>
  <datafield tag="260" ind1=" " ind2=" ">
   <subfield code="a">Αθήνα :</subfield>
   <subfield code="b">Real News,</subfield>
   <subfield code="c">2014.</subfield>
  </datafield>
  <datafield tag="300" ind1=" " ind2=" ">
   <subfield code="a">152 σ. ;</subfield>
   <subfield code="c">17 εκ.</subfield>
  </datafield>
  <datafield tag="534" ind1=" " ind2=" ">
   <subfield code="a">Πρόκειται για την έκδοση της Εστίας.</subfield>
  </datafield>
  <datafield tag="650" ind1=" " ind2="4">
   <subfield code="a">Νεοελληνική πεζογραφία.</subfield>
  </datafield>
  <datafield tag="650" ind1=" " ind2="4">
   <subfield code="a">Νεοελληνικό μυθιστόρημα.</subfield>
  </datafield>
  <datafield tag="700" ind1="1" ind2=" ">
   <subfield code="a">Βελισσαρίδης , Γιώργος ,</subfield>
   <subfield code="d">1909- 1994.</subfield>
  </datafield>
  <datafield tag="852" ind1=" " ind2=" ">
   <subfield code="a">INST</subfield>
   <subfield code="b">UNIPILB</subfield>
   <subfield code="c">MAIN</subfield>
   <subfield code="e">20161221</subfield>
   <subfield code="h">889.3 ΚΑΡ</subfield>
   <subfield code="p">00176595</subfield>
   <subfield code="q">00176595</subfield>
   <subfield code="t">LOAN</subfield>
   <subfield code="y">0</subfield>
   <subfield code="4">1</subfield>
  </datafield>
 </record>
</collection>
